000 00885cam a2200241 a 4500
001 000015162
005 20200929163954.0
008 840627s1968 sp 000 0 spa
040 _aDO-SdBNP
_bspa
_cDLC
_dBNPHU
082 _a262.91
_bZ22r
100 1 _aZalba Erro, Marcelino,
_d1908-
_934325
245 1 3 _aLa regulación de la natalidad :
_btexto bilingüe de la encíclica "Humanae vitae" y fuentes del Magisterio /
_cMarcelino Zalba Erro.
260 _aMadrid, España :
_bEditorial Católica,
_c1968.
300 _a252 p. ;
_c18 cm.
490 1 _aBiblioteca de autores cristianos
_v5
504 _aIncluye referencias bibliográficas
504 _aIncluye índice
650 4 _aControl natal
_926741
650 4 _aControl natal
_xAspectos religiosos
_934326
830 0 _aBiblioteca de autores cristianos ;
_v5
_94245
910 _aCatalogación por copia / LC
049 _aBNGR
999 _c14733
_d14733